|
|
|
|
| LEADER |
01269nam a22002777a 4500 |
| 001 |
28162 |
| 003 |
BD-DhAAL |
| 005 |
20190526114318.0 |
| 008 |
140709s20112010ne a|||| b||| 00| 0 eng d |
| 999 |
|
|
|c 32849
|d 32849
|
| 020 |
|
|
|a 9789063692322
|
| 040 |
|
|
|a BD-DhAAL
|c BD-DhAAL
|
| 082 |
|
|
|2 22
|a 720.72
|
| 245 |
|
|
|a Digital manufacturing in design and architecture:
|b in design and architecture /
|c edited by Asterios Agkathidis
|
| 260 |
|
|
|a Amsterdam :
|b BIS Publishers,
|c 2010 [Second printing 2011]
|
| 300 |
|
|
|a 135 pages :
|b ill. ;
|c 15 cm.
|
| 526 |
|
|
|a ARC
|
| 541 |
|
|
|e 28162
|
| 650 |
|
|
|a Architecture and technology.
|9 5323
|
| 650 |
|
|
|a Design and technology.
|9 5324
|
| 650 |
|
|
|a Architecture
|x Data processing.
|9 5288
|
| 700 |
|
|
|a Agkathidis, Asterios
|9 5325
|
| 852 |
|
|
|a Ayesha Abed Library
|c General Stacks
|
| 942 |
|
|
|2 ddc
|c BK
|
| 952 |
|
|
|0 0
|1 0
|2 ddc
|4 0
|6 720_720000000000000_DIG
|7 0
|9 43083
|a BRACUL
|b BRACUL
|c GEN
|d 2014-07-09
|e Riza Enterprize
|g 1550.00
|l 8
|m 51
|o 720.72 DIG
|p 3010028162
|r 2024-06-23
|s 2024-06-03
|t 1
|w 2014-07-09
|y BK
|
| 952 |
|
|
|0 0
|1 0
|2 ddc
|4 0
|6 720_720000000000000_DIG
|7 0
|9 59499
|a BRACUL
|b BRACUL
|c GEN
|d 2016-08-02
|e Karim Intenational
|g 1560.00
|l 2
|m 3
|o 720.72 DIG
|p 3010031205
|r 2026-03-31
|s 2026-03-05
|t 2
|w 2016-08-02
|y BK
|x Transferred from ARC to BRACUL on 28/12/2023
|